000 00291nam a22001337a 4500
008 170905b xxu||||| |||| 00| 0 eng d
020 _a9780679720348
041 _aeng
080 _a070
100 _a40
101 _aMED
245 _aMANUFACTURING CONSENT
_cHERMAN,E.S
942 _2udc
_cBK
999 _c26192
_d26192